00330nam a2200085Ia 4500008004100000100002700041245009900068260006300167650001400230160725s9999 xx 000 0 und d aValencia, Mona Liza N. aTracer study of Bachelor of Elementary Education major in Special Education graduates of SISC. bKaizen Research Journal College of EducationcJanuary 2014 aEDUCATION